छोटा राजकुमार / (Record no. 121464)
[ view plain ]
| 000 -LEADER | |
|---|---|
| fixed length control field | 01400nam a22002777a 4500 |
| 005 - DATE AND TIME OF LATEST TRANSACTION | |
| control field | 20170124103215.0 |
| 010 ## - LIBRARY OF CONGRESS CONTROL NUMBER | |
| LC control number | A-766921 |
| 020 ## - INTERNATIONAL STANDARD BOOK NUMBER | |
| Terms of availability | 00.00 |
| International Standard Book Number | 8121604400 |
| 035 ## - SYSTEM CONTROL NUMBER | |
| System control number | A-766921 |
| 037 ## - SOURCE OF ACQUISITION | |
| Source of stock number/acquisition | Cen Lib/Ret |
| 040 ## - CATALOGING SOURCE | |
| Original cataloging agency | DPL |
| Language of cataloging | HN |
| 082 ## - DEWEY DECIMAL CLASSIFICATION NUMBER | |
| Classification number | उ |
| Item number | सेंतेक |
| 100 ## - MAIN ENTRY--PERSONAL NAME | |
| Personal name | सेंतेकज्युपेरी, आंत्वान द |
| 9 (RLIN) | 98287 |
| 245 ## - TITLE STATEMENT | |
| Title | छोटा राजकुमार / |
| Statement of responsibility, etc | आंत्वान द सेंतेकज्युपेरी ; अनुवादक जगवंश किशोर बलबीर ; सम्पादक नफीस आफरीदी |
| 246 ## - VARYING FORM OF TITLE | |
| Title proper/short title | Chota rajkumar / |
| Remainder of title | by Antvaan D Sentekzyuperi ; anuvadak Jagvansh Kishore Balbeer ; sampadak Nafees Afridi |
| 260 ## - PUBLICATION, DISTRIBUTION, ETC. (IMPRINT) | |
| Place of publication, distribution, etc | दिल्ली |
| Name of publisher, distributor, etc | हिन्द पॉकेट बुक्स |
| Date of publication, distribution, etc | 1946 |
| 270 ## - ADDRESS | |
| Address | जी.टी.रोड, दिलशाद गार्डन |
| City | दिल्ली |
| Postal code | 110095 |
| 300 ## - PHYSICAL DESCRIPTION | |
| Extent | 119पृ. |
| Dimensions | 20सेमी(सजिल्द) |
| 650 ## - SUBJECT ADDED ENTRY--TOPICAL TERM | |
| Topical term or geographic name as entry element | साहित्य -- उपन्यास |
| 9 (RLIN) | 98288 |
| 650 ## - SUBJECT ADDED ENTRY--TOPICAL TERM | |
| Topical term or geographic name as entry element | हिन्दी उपन्यास |
| 9 (RLIN) | 98289 |
| 650 ## - SUBJECT ADDED ENTRY--TOPICAL TERM | |
| Topical term or geographic name as entry element | Literature - fiction |
| 9 (RLIN) | 98290 |
| 650 ## - SUBJECT ADDED ENTRY--TOPICAL TERM | |
| Topical term or geographic name as entry element | Hindi novel |
| 9 (RLIN) | 98291 |
| 700 ## - ADDED ENTRY--PERSONAL NAME | |
| Personal name | जगवंश किशोर बलबीर |
| 9 (RLIN) | 98292 |
| 700 ## - ADDED ENTRY--PERSONAL NAME | |
| Personal name | आफरीदी, नफीस |
| 9 (RLIN) | 98293 |
| 942 ## - ADDED ENTRY ELEMENTS (KOHA) | |
| Source of classification or shelving scheme | Dewey Decimal Classification |
| Koha item type | Hindi Books |
| Classification part | उ |
| Call number suffix | सेंतेक |
| Withdrawn status | Lost status | Damaged status | Not for loan | Home library | Current library | Date acquired | Source of acquisition | Cost, normal purchase price | Total Checkouts | Full call number | Barcode | Date last seen | Copy number | Cost, replacement price | Price effective from | Koha item type |
|---|---|---|---|---|---|---|---|---|---|---|---|---|---|---|---|---|
| Central Library | Central Library | 08/10/2015 | Cen Lib/Ret | 0.00 | उ सेंतेक | A-766921 | 08/10/2015 | 1 | 0.00 | 08/10/2015 | Hindi Books |
